Score 0/18 Timer 03:00
5 Plays Today
Hint Word % Correct
LADDER 1❖ HALF ❖
99.5%
LADDER 1HALL
97.5%
LADDER 1FILL
95.2%
LADDER 1HELL
94.5%
LADDER 1LINE
93.8%
LADDER 1FELL
93.7%
LADDER 1FINE
93.2%
LADDER 2WAND
92.7%
LADDER 1FILE
92.5%
Hint Word % Correct
LADDER 2BAND
92.5%
LADDER 2WANT
92%
LADDER 2❖ WATT ❖
90.7%
LADDER 2BOND
90.4%
LADDER 2❖ VOLT ❖
88.8%
LADDER 1❖ LIFE ❖
85%
LADDER 2BOLD
84.9%
LADDER 2MOLD
82.2%
LADDER 2MOLT
82%

Today's Daily Dose

Word Ladder
AC/DC Albums

Quick Pick
Martial Arts

Get the Picture
Monarchy or Presidency

Remove Ads.
Support Sporcle.
Get the best of Sporcle when you Go Orange. This ad-free experience offers more features, more stats, and more fun while also helping to support Sporcle. Thank you for becoming a member.

You're not logged in!

Compare scores with friends on all Sporcle quizzes.
OR
Log In

Show Comments

Extras

Top Quizzes Today


Score Distribution

Your Account Isn't Verified!

In order to create a playlist on Sporcle, you need to verify the email address you used during registration. Go to your Sporcle Settings to finish the process.

Report this User

Report this user for behavior that violates our Community Guidelines.

Details: